Biblioteca

El testamento de Jesús (Registro nro. 44745)

Detalles MARC
000 -LÍDER
Campo fijo de descripción fija 01023nam a22003017a 4500
001 - NÚMERO DE CONTROL
Campo de control 18291
003 - IDENTIFICADOR DEL NÚMERO DE CONTROL
Campo de control CO-MdFUSB
005 - FECHA Y HORA DE LA ULTIMA TRANSACCIÓN
control field 20180622073155.0
008 - ELEMENTOS DE LONGITUD FIJA -- INFORMACIÓN GENERAL
Campo fijo de descripción fija -- Información general 171127t1983 sp ||||| |||| 00| 0 spa d
020 ## - NÚMERO INTERNACIONAL NORMALIZADO PARA LIBROS
Número Internacional Normalizado del libro 84-301-0903-X
040 ## - FUENTE DE CATALOGACIÓN
Agencia de catalogación original CO-MdFUSB
Idioma de catalogación spa
Agencia que realiza la transcripción CO-MdFUSB
Agencia que realiza la modificación CO-MdFUSBC
Convenciones de la descripción rda
041 ## - CÓDIGO DE IDIOMA
Código de idioma para texto/pista de sonido o título separado spa
082 04 - NÚMERO DE CLASIFICACIÓN DECIMAL DEWEY
Número de clasificación G 226.506 K949t
100 1# - ASIENTO PRINCIPAL--NOMBRE PERSONAL
Nombre personal Kasemann, Ernst
Término relacionador autor
245 13 - TÍTULO
Título del Material El testamento de Jesús
Parte restante del título - Subtitulo : el lugar histórico del evangelio de Juan
Mención de responsabilidad, etc. / Ernst Käsemann ; traducido por Faustino Martínez Goñi
264 #4 - PRODUCCIÓN, PUBLICACIÓN, DISTRIBUCIÓN, MANUFACTURA, Y COPYRIGHT
Lugar de producción, publicación, distribución, manufactura Salamanca :
Nombre del productor, publicador, distribuidor Sigueme,
Fecha de producción, publicación, distribución, manufactura, o copyright ©1983
300 ## - DESCRIPCIÓN FÍSICA
Extensión 173 p.
336 ## - TIPO DE CONTENIDO
Fuente rdacontent
Término de tipo de contenido texto
Código de tipo de contenido txt
337 ## - TIPO DE MEDIO
Fuente rdamedia
Nombre del tipo de medio sin mediación
Código del tipo de medio n
338 ## - TIPO DE SOPORTE
Fuente rdacarrier
Nombre del tipo de soporte volumen
Código Tipo de soporte nc
500 ## - NOTA GENERAL
Nota General Título original en alemá: Jesu Letzter wille nach Jobanne
501 ## - NOTA DE “CON”
Nota de Contenido Rústico
505 00 - NOTA DE CONTENIDO
Nota de contenido con formato preestablecido La gloria de Cristo -- la comunidad bajo la palabra -- unidad cristiana
650 #7 - ASIENTO SECUNDARIO DE MATERIA - TERMINO TEMÁTICO
Término temático o nombre geográfico como elemento de entrada Cristología
9 (RLIN) 239
653 ## - TÉRMINO DE INDIZACIÓN - NO CONTROLADO
Término no controlado Interpretación de la Biblia N.T
653 ## - TÉRMINO DE INDIZACIÓN - NO CONTROLADO
Término no controlado Evangelios - Juan
942 ## - TIPO DE MATERIAL (KOHA)
Tipo de Item KOHA Libros General
Existencias
Estado de Material Estado de Perdido Estado de Dañado No para Préstamo Colección Tomo Biblioteca de Origen Biblioteca Permanente Fecha de Adquisición Total de Préstamos Signatura Topográfica Código de Barras Última vez visto Última vez Préstado Ejemplar/Existencia Fecha de Remplazo Tipo de Material
        Colección General   Biblioteca FUSBC Biblioteca FUSBC 07/05/2014 1 G 226.506 K949t 18316 22/04/2024 18/04/2024 1 26/01/2016 Libros General

Biblioteca FUSBC | Teléfono: (57+4) 349 88 10 Ext. 141| WhatsApp (+57) 3005338115 
E-mail: biblioteca@unisbc.edu.co | Calle 76 87-14 Robledo Palenque, Medellín, Colombia

Con tecnología Koha